|
|
|
|
| LEADER |
00000nas a2200000 a 4500 |
| 001 |
ssj0005549 |
| 003 |
WaSeSS |
| 005 |
20200512172242.0 |
| 006 |
m d |
| 007 |
cr n |
| 008 |
050614c19809999ilutr p s o 0 a0eng d |
| 010 |
|
|
|a 2010200795
|
| 016 |
7 |
|
|a 2538655-4
|2 DE-600
|
| 022 |
|
|
|a 2156-4795
|y 0194-3448
|
| 035 |
|
|
|a (WaSeSS)ssj0005549
|
| 037 |
|
|
|b University of Illinois Press, 1325 South Oak Street, MC-566, Champaign, IL 61820-6903
|
| 037 |
|
|
|b Project MUSE, 2715 North Charles Street, Baltimore, Maryland 21218
|
| 040 |
|
|
|a OCLCS
|b eng
|c OCLCS
|d TXJ
|d AAA
|d NZAUC
|d DLC
|d EYM
|d OCLCQ
|d OCLCF
|d OCLCO
|d OCLCQ
|d VT2
|d HTM
|d OCLCE
|d MYTML
|d UAB
|d MOR
|d CNTRU
|d SFB
|d CNMTR
|d WaSeSS
|
| 042 |
|
|
|a lccopycat
|a nsdp
|
| 050 |
1 |
4 |
|a BR1
|b .A42
|
| 082 |
1 |
0 |
|a 230
|2 14
|
| 130 |
0 |
|
|a American journal of theology & philosophy (Online)
|
| 210 |
0 |
|
|a Am. j. theol. philos.
|b (Online)
|
| 222 |
|
0 |
|a American journal of theology & philosophy
|b (Online)
|
| 245 |
1 |
0 |
|a American journal of theology & philosophy
|h [electronic resource].
|
| 246 |
3 |
|
|a American journal of theology and philosophy
|
| 260 |
|
|
|3 1980-2009 :
|a West Lafayette, Ind. :
|b American Journal of Theology & Philosophy,
|c ©1980-
|
| 260 |
3 |
|
|3 2010- :
|a Champaign, IL :
|b University of Illinois Press
|
| 310 |
|
|
|a Three times a year
|
| 362 |
1 |
|
|a Began with vol. 1, no. 1 (Jan. 1980).
|
| 506 |
|
|
|a License restrictions may limit access.
|
| 538 |
|
|
|a Mode of access: World Wide Web.
|
| 555 |
|
|
|a V. 1 (1980)-v. 10 (1990), in v. 11.
|
| 588 |
|
|
|a Description based on: Vol. 1, no. 1 (Jan. 1980); title from PDF cover (JSTOR, viewed Dec. 30, 2011).
|
| 588 |
|
|
|a Latest issue consulted: Vol. 31, no. 2 (May 2010) (University of Illinois Press, viewed July 9, 2010).
|
| 650 |
|
0 |
|a Theology
|v Periodicals.
|
| 650 |
|
0 |
|a Philosophy
|v Periodicals.
|
| 650 |
|
7 |
|a Philosophy.
|2 fast
|0 (OCoLC)fst01060777
|
| 650 |
|
7 |
|a Theology.
|2 fast
|0 (OCoLC)fst01149559
|
| 655 |
|
0 |
|a Electronic journals.
|
| 710 |
2 |
|
|a American Society for Social Philosophy and Philosophical Theology.
|
| 776 |
0 |
8 |
|i Print version:
|t American journal of theology & philosophy
|x 0194-3448
|w (DLC) 80644951
|w (OCoLC)5395184
|
| 856 |
4 |
0 |
|z Full text available from Research Library: 05/01/1998 to 05/31/2006
|u https://search.proquest.com/publication/37656
|